Hướng dẫn chẩn đoán và điều trị bệnh tim mạch : Ban hành kèm theo Quyết định số 2510/QĐ-BYT ngày 15 tháng 7 năm 2013 của Bộ trưởng Bộ Y tế

Những điều cần biết về bệnh tim mạch như ngừng tuần hoàn, nhồi máu cơ tim, phù phổi cấp, sốc tim, cơn đau thắt ngực không ổn định và nhồi máu cơ tim không có ST chênh lên, cơn đau thắt ngực ổn định, lóc thành động mạch chủ, tai biến...

Full description

Saved in:
Bibliographic Details
Main Author: Nguyễn Thị Xuyến (Chủ biên)
Other Authors: Lương Ngọc Khuê (Đồng chủ biên), Nguyễn Việt Lân (Đồng chủ biên)
Format: Book
Language:Vietnamese
Published: H. Y học 2017
Edition:Tái bản lần thứ nhất
Subjects:
Tags: Add Tag
No Tags, Be the first to tag this record!
Institutions: Thư viện Trường Đại học Nam Cần Thơ
LEADER 02911nam a22003377a 4500
001 NCT_28642
008 180411b xxu||||| |||| 00| 0 vie d
999 |c 1376  |d 1376 
020 |a 9786046614340  |c 99000 
082 0 4 |2 23rd ed.  |a 616.1  |b X527 
100 1 |a Nguyễn Thị Xuyến  |e Chủ biên 
245 1 0 |a Hướng dẫn chẩn đoán và điều trị bệnh tim mạch  |b : Ban hành kèm theo Quyết định số 2510/QĐ-BYT ngày 15 tháng 7 năm 2013 của Bộ trưởng Bộ Y tế  |c Nguyễn Thị Xuyến, Lương Ngọc Khuê, Nguyễn Lân Việt 
250 |a Tái bản lần thứ nhất 
260 |a H.  |b Y học  |c 2017 
300 |a 243tr.  |c 27cm 
520 3 |a Những điều cần biết về bệnh tim mạch như ngừng tuần hoàn, nhồi máu cơ tim, phù phổi cấp, sốc tim, cơn đau thắt ngực không ổn định và nhồi máu cơ tim không có ST chênh lên, cơn đau thắt ngực ổn định, lóc thành động mạch chủ, tai biến  
653 |a Y đa khoa 
700 1 |a Lương Ngọc Khuê  |e Đồng chủ biên 
700 1 |a Nguyễn Việt Lân  |e Đồng chủ biên 
942 |2 ddc  |c BK 
952 |0 0  |1 1  |2 ddc  |4 0  |6 616_100000000000000_X527  |7 0  |9 6773  |a 000001  |b 000001  |d 2018-04-11  |l 1  |o 616.1 X527  |p MD.11019  |r 2018-07-13  |s 2018-07-13  |v 99000.00  |w 2018-04-11  |y BK 
952 |0 0  |1 0  |2 ddc  |4 0  |6 616_100000000000000_X527  |7 0  |9 6774  |a 000001  |b 000001  |d 2018-04-11  |o 616.1 X527  |p MD.11020  |r 2018-04-11  |v 99000.00  |w 2018-04-11  |y BK 
952 |0 0  |1 1  |2 ddc  |4 0  |6 616_100000000000000_X527  |7 0  |9 6775  |a 000001  |b 000001  |d 2018-04-11  |l 1  |o 616.1 X527  |p MD.11021  |r 2018-10-01  |s 2018-10-01  |v 99000.00  |w 2018-04-11  |y BK 
952 |0 0  |1 0  |2 ddc  |4 0  |6 616_100000000000000_X527  |7 0  |9 6776  |a 000001  |b 000001  |d 2018-04-11  |o 616.1 X527  |p MD.11022  |r 2018-04-11  |v 99000.00  |w 2018-04-11  |y BK 
952 |0 0  |1 0  |2 ddc  |4 0  |6 616_100000000000000_X527  |7 0  |9 6778  |a 000001  |b 000001  |d 2018-04-11  |o 616.1 X527  |p MD.12025  |r 2018-04-11  |v 99000.00  |w 2018-04-11  |y BK 
952 |0 0  |1 0  |2 ddc  |4 0  |6 616_100000000000000_X527  |7 0  |9 15462  |a 000001  |b 000001  |d 2019-02-14  |o 616.1 X527  |p MD.14225  |r 2019-04-06  |v 99000.00  |w 2019-02-14  |y BK 
952 |0 0  |1 0  |2 ddc  |4 0  |6 616_100000000000000_X527  |7 0  |9 15463  |a 000001  |b 000001  |d 2019-02-14  |l 1  |o 616.1 X527  |p MD.14226  |r 2020-05-19  |s 2020-05-05  |v 99000.00  |w 2019-02-14  |y BK 
952 |0 0  |1 0  |2 ddc  |4 0  |6 616_100000000000000_X527  |7 0  |9 15464  |a 000001  |b 000001  |d 2019-02-14  |o 616.1 X527  |p MD.14227  |r 2019-02-14  |v 99000.00  |w 2019-02-14  |y BK 
952 |0 0  |1 0  |2 ddc  |4 0  |6 616_100000000000000_X527  |7 0  |9 15465  |a 000001  |b 000001  |d 2019-02-14  |l 1  |o 616.1 X527  |p MD.14228  |r 2020-03-24  |s 2020-01-09  |v 99000.00  |w 2019-02-14  |y BK 
952 |0 0  |1 0  |2 ddc  |4 0  |6 616_100000000000000_X527  |7 0  |9 15466  |a 000001  |b 000001  |d 2019-02-14  |o 616.1 X527  |p MD.14229  |r 2019-02-14  |v 99000.00  |w 2019-02-14  |y BK 
980 |a Thư viện Trường Đại học Nam Cần Thơ